000 00267nac a2200097zu 4500
008 260115e1995 mx a|||br|||| 000 0 spa d
245 _aPAPIROFLEXIA
_bORIGAMI
260 _aMÉXICO:
_bCOLÍN Y ASOCIADOS
_c1995
300 _a14 páginas;
_c20.5 X 20.7 cm
942 _2ddc
_cBKN
999 _c68486
_d68486